Prepojenie frameworku ROS so službami IoT
Saved in:
| Main Author: | |
|---|---|
| Other Authors: | |
| Format: | Manuscript Book |
| Language: | Slovak |
| Published: |
2025
|
| Subjects: | |
| Online Access: | http://is.stuba.sk/zp/portal_zp.pl?podrobnosti=184815 |
| Tags: |
No Tags, Be the first to tag this record!
|
MARC
| LEADER | 00000ntm a22000003a 4500 | ||
|---|---|---|---|
| 001 | stuzp103953 | ||
| 003 | SK-STU | ||
| 005 | 20250614212437.0 | ||
| 007 | ta | ||
| 008 | 150427s2015----xo-----f-mn---000-0-slo-d | ||
| 040 | |a STU |b slo | ||
| 041 | 0 | |a slo | |
| 100 | 1 | |a Kostelanský, Juraj |u 030400 |4 aut |U FEI Fakulta elektrotechniky a informatiky |T FEI Ústav automobilovej mechatroniky |X 104255 |U E400 |Y 642 |7 104255 | |
| 242 | 0 | 1 | |a Integration of the ROS Framework with IoT Services |y eng |
| 245 | 1 | 0 | |a Prepojenie frameworku ROS so službami IoT |
| 260 | |c 2025 | ||
| 650 | 4 | |a Java |2 eng | |
| 650 | 4 | |a Azure IoT Hub |2 eng | |
| 650 | 4 | |a JetBot |2 eng | |
| 650 | 4 | |a Angular |2 eng | |
| 650 | 4 | |a ROS |2 eng | |
| 650 | 4 | |a Angular |2 slo | |
| 650 | 4 | |a Java |2 slo | |
| 650 | 4 | |a Azure IoT Hub |2 slo | |
| 650 | 4 | |a ROS |2 slo | |
| 650 | 4 | |a JetBot |2 slo | |
| 700 | 1 | |a Kocúr, Michal |u 030400 |k Z1 |4 ths |U FEI Fakulta elektrotechniky a informatiky |T FEI Ústav automobilovej mechatroniky |X 55800 |U E400 |Y 642 |7 A000055800 | |
| 856 | 4 | |u http://is.stuba.sk/zp/portal_zp.pl?podrobnosti=184815 | |